| 000 | 00958nam a2200253 i 4500 | ||
|---|---|---|---|
| 001 | 17960 | ||
| 003 | ES-MaACL | ||
| 005 | 20250629042900.0 | ||
| 007 | t| | ||
| 008 | 010704s1998 sp ||||1| spa d | ||
| 080 | _a821.134.2-34"19" | ||
| 100 | 1 |
_aFernández de la Sota, José. _949676 |
|
| 245 | 1 | 0 |
_aNegrita con diamantes / _cJosé Fernández de la Sota ; prefacio de Agustín Cerezales ; epílogo de Marifé Santiago Bolaños ; ilustraciones de Ramón Pérez Carrió. |
| 260 |
_aSegorge : _bFundación Max Aub : _bAyuntamiento de Segorbe, _c[1998] |
||
| 300 |
_a36 p. : _bil. ; _c24 cm. |
||
| 700 | 1 |
_aCerezales Laforet, Agustín, _d1957- _937495 |
|
| 700 | 1 |
_aSantiago Bolaños, María Fernanda, _d1962- _9236733 |
|
| 700 | 1 |
_aPérez Carrió, Ramón. _990713 |
|
| 710 | 2 |
_aFundación Max Aub. _94367 |
|
| 710 | 1 |
_aSegorbe. _bAyuntamiento. _96539 |
|
| 852 |
_aES-MaACL _j2164-F-10 _bR.128547 |
||
| 942 | _2udc | ||
| 999 |
_c17960 _d17960 |
||